Water key performance indicators and benchmarks for offices and hotels (Record no. 105359)

MARC details
000 -LEADER
fixed length control field 00948cam a2200253 4500
001 - CONTROL NUMBER
control field ##L133231
008 - FIXED-LENGTH DATA ELEMENTS--GENERAL INFORMATION
fixed length control field 060421n2006 000 0 eng u
020 ## - INTERNATIONAL STANDARD BOOK NUMBER
International Standard Book Number 0860176576
035 ## - SYSTEM CONTROL NUMBER
System control number (Sirsi) u133231
041 0# - LANGUAGE CODE
Language code of text/sound track or separate title eng
050 ## - LIBRARY OF CONGRESS CALL NUMBER
Classification number 627.4 $2 18
100 1# - MAIN ENTRY--PERSONAL NAME
Personal name Waggett, Rachel
245 ## - TITLE STATEMENT
Title Water key performance indicators and benchmarks for offices and hotels
260 ## - PUBLICATION, DISTRIBUTION, ETC.
Place of publication, distribution, etc. London
Name of publisher, distributor, etc. CIRIA
Date of publication, distribution, etc. 2006
300 ## - PHYSICAL DESCRIPTION
Extent 56p.
Dimensions 30cm. +
Accompanying material 1 CD-ROM
350 ## - PRICE (NR) (BK AM CF MU VM SE) [OBSOLETE]
Price 60.00
490 #0 - SERIES STATEMENT
Series statement CIRIA
Volume/sequential designation C657
520 ## - SUMMARY, ETC.
Summary, etc. Presents the results of a study that examined data from water companies in order to gather information on water usage and set benchmarks for improvement. Gives comparative data for offices and hotels within the UK and offers guidance on ways to reduce usage.
590 ## - LOCAL NOTE (RLIN)
Local note IKA230806
651 #4 - SUBJECT ADDED ENTRY--GEOGRAPHIC NAME
Geographic name United Kingdom
Chronological subdivision
690 ## - LOCAL SUBJECT ADDED ENTRY--TOPICAL TERM (OCLC, RLIN)
Topical term or geographic name as entry element ENVIRONMENTAL AND LAND CONSULTANCY-WATER RESOURCE MANAGEMENT
700 1# - ADDED ENTRY--PERSONAL NAME
Personal name Arotsky, Catherine
942 ## - ADDED ENTRY ELEMENTS (KOHA)
Suppress in OPAC 0
Holdings
Withdrawn status Lost status Source of classification or shelving scheme Damaged status Not for loan Home library Current library Shelving location Date acquired Total Checkouts Full call number Barcode Date last seen Date last checked out Copy number Price effective from Koha item type
    Dewey Decimal Classification     London London Folio 23/08/2006 3 F627.4 WAG 30072932 06/08/2019 13/08/2007 1 06/08/2019 Book